[Event "Melbourne op"]
[Site "Melbourne"]
[Date "2012.11.03"]
[Round "3"]
[White "Kolak, Chris"]
[Black "Beaumont, David"]
[Result "1/2-1/2"]
[WhiteElo "1981"]
[BlackElo "2050"]
[PlyCount "76"]
[EventDate "2012.11.02"]
[EventType "swiss"]
[EventRounds "9"]
[EventCountry "AUS"]
[SourceTitle "EXT 2013"]
[Source "ChessBase"]
[SourceDate "2012.11.22"]
[SourceVersion "1"]
[SourceVersionDate "2012.11.22"]
[SourceQuality "1"]

1. e4 c5 2. Nf3 g6 3. d4 cxd4 4. Nxd4 Bg7 5. Nc3 Nc6 6. Be3 Nf6 7. f3 0-0 8. Qd2 d5 9. Nxc6 bxc6 10. e5 Ne8 11. f4 f6 12. exf6 Nxf6 13. 0-0-0 Qa5 14. Bd4 Rb8 15. Be5 Bf5 16. Bd3 e6 17. Kb1 Qb4 18. b3 Rb7 19. h3 a5 20. g4 Bxd3 21. Qxd3 a4 22. f5 axb3 23. cxb3 exf5 24. gxf5 Re7 25. Qd4 Qxd4 26. Bxd4 Ne4 27. Bxg7 Kxg7 28. Nxe4 dxe4 29. fxg6 hxg6 30. Rd2 Rf3 31. Kc2 Kf6 32. h4 Ke5 33. Rg1 e3 34. Re2 Rf2 35. Kd1 Ke4 36. Rxe3+ Kxe3 37. Re1+ Kd3 38. Rxe7 Rxa2 1/2-1/2

[Event "Melbourne Cup"]
[Site "Melbourne"]
[Date "2010.10.30"]
[Round "2"]
[White "Kolak, Chris"]
[Black "Narenthran, Tharmaratnam"]
[Result "1-0"]
[WhiteElo "2013"]
[BlackElo "1729"]
[PlyCount "109"]
[EventDate "2010.10.29"]
[EventType "swiss"]
[EventRounds "9"]
[EventCountry "AUS"]
[SourceTitle "EXT 2012"]
[Source "ChessBase"]
[SourceDate "2011.11.24"]
[SourceVersion "1"]
[SourceVersionDate "2011.11.24"]
[SourceQuality "1"]

1. e4 d5 2. exd5 Qxd5 3. Nf3 Nc6 4. c4 Qh5 5. Be2 Bg4 6. Qb3 0-0-0 7. 0-0 Nf6 8. d4 e6 9. Bf4 Nxd4 10. Nxd4 Rxd4 11. Bxg4 Nxg4 12. Bg3 Bd6 13. Bxd6 Rxd6 14. h3 Ne5 15. Qe3 Rhd8 16. Qxa7 Ra6 17. Qe3 Nxc4 18. Qb3 Na5 19. Qc3 Qh6 20. b4 Rc6 21. Qa3 Qf6 22. b5 Rb6 23. Nc3 Nc4 24. Qb4 Rd4 25. Ne2 Re4 26. Ng3 Rd4 27. Rfc1 Nd6 28. Qc5 Nc4 29. a4 Rbd6 30. a5 Qe5 31. Qa7 Qxb5 32. Qa8+ Kd7 33. Qf8 Rf4 34. Qxg7 Qc5 35. Rc2 Rd2 36. Rxd2+ Nxd2 37. Rd1 Ke7 38. Rxd2 Qc1+ 39. Nf1 Qc5 40. Qh8 e5 41. Qb8 Ke6 42. Qc8+ Kf6 43. Qd8+ Ke6 44. Qe8+ Kf6 45. Qh8+ Ke7 46. Re2 f6 47. Qxh7+ Ke6 48. Ng3 Qxa5 49. Nh5 Rd4 50. Qg8+ Kd6 51. Qd8+ Kc5 52. Qxf6 Rd1+ 53. Kh2 c6 54. Qxe5+ Rd5 55. Qe3+ 1-0